000 00714nam a2200253 i 4500
001 C2-0339550
003 PPAK
005 20180728141711.0
008 161218s2013 xxka|||| ||||| | eng d
020 _a9781848109117
040 _aPPAK
_beng
_cPPAK
_erda
082 0 4 _a520
_223
090 0 0 _a520
_bBEC
_dRK
100 1 _aBecklake, Sue,
_eauthor
245 1 0 _aSpace
264 1 _aEssex :
_bMiles Kelly Publishing ,
_c2013
300 _a48 pages :
_bcolour illustrations, colour photographs ;
_c30 cm
336 _2rdacontent
_atext
337 _2rdamedia
_aunmediated
338 _2rdacarrier
_avolume
500 _aIncludes indexes
650 1 0 _aSpace astronomy - Juvenile literature.
942 _ddc
_cB
999 _c136808
_d136808